El taller de los talleres /
Guardado en:
| Autor Principal: | |
|---|---|
| Formato: | Libro |
| Publicado: |
Argentina :
Estrada,
1989
|
| Materias: | |
| Etiquetas: |
Agregar Etiqueta
Sin Etiquetas, Sea el primero en etiquetar este registro!
|
| LEADER | 00948nam a22002175a 4500 | ||
|---|---|---|---|
| 001 | CEM.cems002969 | ||
| 005 | 19000101000000.0 | ||
| 008 | 130507s1989##################000#0#####d | ||
| 003 | CEMS | ||
| 082 | 0 | 4 | |a 371.3 |
| 100 | 1 | |a González Cúberes, María Teresa | |
| 245 | 1 | 0 | |a El taller de los talleres / |c María Teresa González Cúberes |
| 260 | |a Argentina : |b Estrada, |c 1989 | ||
| 300 | |a 113 p. | ||
| 505 | 0 | |a Los grandes interrogantes de la didactica de la matematica.-El numero natural.-Las operaciones fundamentales.-La exploracion del espacio. -APENDICES:Desarrollo de la inteligencia.-Lenguaje y opereaciones conjuntistas correspondientes al primer ciclo de la escuela primaria. - | |
| 653 | |a Aprendizaje-tecnicas de | ||
| 653 | |a Donacion c. basico | ||
| 653 | |a Educacion | ||
| 653 | |a Talleres educativos | ||
| 859 | |a CEMS |b BIB. CEMS - 11 de abril |h 371.3 |i G589 |p 15722.90 |t Ej.1 | ||
| 859 | |a CEMS |b BIB. CEMS - 11 de abril |h 371.3 |i G589 |p 15783.90 |t Ej.2 | ||
